000 00621nam a2200181Ia 4500
008 090630s9999 xx 000 0 und d
082 _b28559
100 _aतेंडुलकर नलिनी.
245 _aमनुचं घर.
_cतेंडुलकर नलिनी.
260 _bव्ही. के. बुक - दादर.
_c2006
300 _a16
600 _aतेंडुलकर नलिनी.
630 _aमनुचं घर.
655 _aबालवाङमय.
700 _aतेंडुलकर नलिनी.
730 _aमनुचं घर.
942 _cBOOK
999 _c280415
_d280415